BIOPHARMACEUTICS AND CLINICAL PHARMACOKICETICS (Record no. 7290)
[ view plain ]
| 000 -LEADER | |
|---|---|
| fixed length control field | 00337nam a2200133Ia 4500 |
| 008 - FIXED-LENGTH DATA ELEMENTS--GENERAL INFORMATION | |
| fixed length control field | 150301s2015 xx 000 0 und d |
| 082 ## - DEWEY DECIMAL CLASSIFICATION NUMBER | |
| Classification number | 615.7 |
| Item number | B10G |
| 100 ## - MAIN ENTRY--PERSONAL NAME | |
| Personal name | GIBALDI, MILO |
| 245 ## - TITLE STATEMENT | |
| Title | BIOPHARMACEUTICS AND CLINICAL PHARMACOKICETICS |
| 260 ## - PUBLICATION, DISTRIBUTION, ETC. (IMPRINT) | |
| Name of publisher, distributor, etc. | PHARMA MED PRESS |
| 300 ## - PHYSICAL DESCRIPTION | |
| Extent | 406 |
| 650 ## - SUBJECT ADDED ENTRY--TOPICAL TERM | |
| Topical term or geographic name as entry element | PHARMACEUTICS |
| 942 ## - ADDED ENTRY ELEMENTS (KOHA) | |
| Source of classification or shelving scheme | Dewey Decimal Classification |
| Koha item type | Books |
| Koha issues (borrowed), all copies | 1 |
| Withdrawn status | Lost status | Source of classification or shelving scheme | Damaged status | Not for loan | Collection code | Home library | Current library | Date acquired | Source of acquisition | Cost, normal purchase price | SGTU | Bill Number | Total Checkouts | Full call number | Barcode | Date last seen | Bill Date | Koha item type | Shelving location | Date last checked out |
|---|---|---|---|---|---|---|---|---|---|---|---|---|---|---|---|---|---|---|---|---|
| Dewey Decimal Classification | PHARMACY | SGT FA-FP Library | SGT FA-FP Library | 02/07/2015 | ABC-DELHI | 350.00 | SGTU | 5588 | 615.7 B10G | FP1172 | 02/07/2015 | 04/04/2015 | Books | |||||||
| Dewey Decimal Classification | PHARMACY | SGT FA-FP Library | SGT FA-FP Library | 02/07/2015 | ABC-DELHI | 350.00 | SGTU | 5588 | 615.7 B10G | FP1173 | 02/07/2015 | 04/04/2015 | Books | Reference Book | ||||||
| Dewey Decimal Classification | PHARMACY | SGT FA-FP Library | SGT FA-FP Library | 02/07/2015 | ABC-DELHI | 350.00 | SGTU | 5588 | 1 | 615.7 B10G | FP1174 | 08/11/2021 | 04/04/2015 | Books | Reference Book | 27/10/2021 | ||||
| Dewey Decimal Classification | PHARMACY | SGT FA-FP Library | SGT FA-FP Library | 02/07/2015 | ABC-DELHI | 350.00 | SGTU | 5588 | 615.7 B10G | FP1175 | 02/07/2015 | 04/04/2015 | Books | Reference Book |